000 00766nam a22001937a 4500
999 _c4160
_d4160
003 AR-CdUCM
008 190308b ||||| |||| 00| 0 spa d
040 _aMUNICIPALIDAD PROVINCIAL DEL CUSCO
_cBIBLIOTECA MUNICIPAL DEL CUSCO
082 _229 ed.
_a468 /
_bM63
100 _aMiranda Podadera, Luis
_913179
245 _aAnálisis gramatical :
_bcurso superior de gramática española reformada con las modificaciones que ha introducido la Real Academia en prosodia y ortografía y con nociones de arte métrica /
260 _aMadrid :
_bLibr. y Casa Edit. Hernando,
_c1959.
300 _a308 páginas ;
_c22 cm.
650 _aLengua Española
_91124
650 _aGramática
_99175
650 _aEstudio y enseñanza
_92610
942 _2ddc
_cLIBROS
945 _araen